Downton Abbey. Season 3 [DVD/videorecording] / ... Read More
Available copies
- 7 of 7 copies available at LARL/NWRL Consortium.
Current holds
0 current holds with 7 total copies.
Show Only Available Copies
| Location | Call Number / Copy Notes | Barcode | Shelving Location | Status | Due Date |
|---|---|---|---|---|---|
| Godel Memorial-Warren Library | DVD DOW (Text) | 35500005278484 | Main | Available | - |
| Hallock Public Library | DVD DOW (Text) | 35500005124894 | Main | Available | - |
| Karlstad LINK Site | DVD DOW (Text) | 35500004799597 | Main | Available | - |
| Red Lake Falls Public Library | DVD DOW (Text) | 35500004826408 | Main | Available | - |
| Roseau Public Library | DVD DOW (Text) | 35500005571698 | Main | Available | - |
| Thief River Falls Public Library | DVD DOW (Text) | 35500005630890 | Main | Available | - |
| Warroad Public Library | DVD DOW (Text) | 35500005124878 | Main | Available | - |
Record details
- ISBN: 6314863996 : DVD
- ISBN: 9781608838134
- ISBN: 1608838137
- ISBN: 9786314863999 : DVD
- Physical Description: 3 videodiscs (525 min.) : sd., col. ; 4 3/4 in.
- Edition: Original UK [unedited] ed.
- Publisher: London : Carnival Film & Television Limited ; c2013.
Content descriptions
| General Note: | Originally produced as a British television series in 2012. Includes A journey to the Highlands, the season 3 finale. Bonus features: Downton Abbey, Behind the drama; Shirley MacLaine at Downton; The men of Downton; ... Read More |
| Participant or Performer Note: | Hugh Bonneville, Jessica Brown Findlay, Laura ... Read More |
| Summary, etc.: | The War is over and a long-awaited engagement is ... Read More |
| Target Audience Note: | MPAA rating: Not rated. |
| System Details Note: | DVD, NTSC, Region 1, widescreen presentation; ... Read More |
| Language Note: | In English with optional subtitles in English SDH ... Read More |
Search for related items by subject
| Genre: | Television series. Historical television programs. Television melodramas. Fiction television programs. |
Search for related items by series
| LDR | 05271cgm a2200985Ia 4500 | ||
|---|---|---|---|
| 001 | 149494 | ||
| 003 | LARL_NWRL_CONSORTIUM | ||
| 005 | 20130130130643.0 | ||
| 007 | vd cvaizs | ||
| 008 | 121119s2013 enk525 vleng d | ||
| 019 | . | ‡a823011798 | |
| 020 | . | ‡a6314863996 : DVD | |
| 020 | . | ‡a9781608838134 | |
| 020 | . | ‡a1608838137 | |
| 020 | . | ‡a9786314863999 : DVD | |
| 024 | 1 | . | ‡a841887018166 |
| 024 | 7 | . | ‡a00841887018166 ‡2gtin-14 |
| 035 | . | ‡a(OCoLC)818658254 ‡z(OCoLC)823011798 | |
| 040 | . | ‡aLPU ‡cLPU ‡dOCLCO ‡dTEF ‡dKYB ‡dIK2 ‡dJAO ‡dCKE ‡dUPZ ‡dNTD | |
| 041 | 0 | . | ‡aeng ‡jeng |
| 043 | . | ‡ae-uk-en | |
| 050 | 4. | ‡aPN1992.77 ‡b.D69 2013 | |
| 082 | 0 | 4. | ‡a791.45/75 ‡223 |
| 245 | 1 | 0. | ‡aDownton Abbey. ‡nSeason 3 ‡h[DVD/videorecording] / ‡cwritten and created by Julian Fellowes. |
| 250 | . | ‡aOriginal UK [unedited] ed. | |
| 260 | . | ‡aLondon : ‡bCarnival Film & Television Limited ; ‡aAlexandria, VA : ‡bPBS Distribution, ‡cc2013. | |
| 300 | . | ‡a3 videodiscs (525 min.) : ‡bsd., col. ; ‡c4 3/4 in. | |
| 490 | 0 | . | ‡aDownton Abbey; ‡v3. |
| 538 | . | ‡aDVD, NTSC, Region 1, widescreen presentation; stereo. | |
| 546 | . | ‡aIn English with optional subtitles in English SDH (subtitles for the deaf and hard-of-hearing). | |
| 511 | 1 | . | ‡aHugh Bonneville, Jessica Brown Findlay, Laura Carmichael, Jim Carter, Brendan Coyle, Michelle Dockery, Kevin Doyle, Siobhan Finneran, Joanne Froggatt, Rob James-Collier, Allen Leech, Phyllis Logan, Elizabeth McGovern, Sophie McShera, Matt Milne, Lesley Nicol, Amy Nuttall, Maggie Smith, Dan Stevens, Penelope Wilton, Shirley MacLaine. |
| 500 | . | ‡aOriginally produced as a British television series in 2012. | |
| 500 | . | ‡aIncludes A journey to the Highlands, the season 3 finale. | |
| 500 | . | ‡aBonus features: Downton Abbey, Behind the drama; Shirley MacLaine at Downton; The men of Downton; Downton in 1920, more. | |
| 521 | 8 | . | ‡aMPAA rating: Not rated. |
| 520 | . | ‡aThe War is over and a long-awaited engagement is on, but all is not tranquil at Downton Abbey as wrenching social changes, romantic intrigues, and personal crises grip the majestic English country estate for a third thrilling season. In the wake of World War I, Robert, Earl of Grantham, sticks to his duty to maintain Downton more firmly than ever. | |
| 650 | 0. | ‡aCountry life ‡zGreat Britain ‡vDrama. | |
| 650 | 0. | ‡aFamilies ‡zGreat Britain ‡vDrama. | |
| 650 | 0. | ‡aHousehold employees ‡zGreat Britain ‡vDrama. | |
| 650 | 0. | ‡aWorld War, 1914-1918 ‡zGreat Britain ‡vDrama. | |
| 650 | 0. | ‡aSocial classes ‡zGreat Britain ‡vDrama. | |
| 651 | 0. | ‡aGreat Britain ‡xSocial conditions ‡y20th century ‡vDrama. | |
| 651 | 0. | ‡aGreat Britain ‡vDrama. | |
| 650 | 0. | ‡aMan-woman relationships ‡zGreat Britain ‡vDrama. | |
| 655 | 7. | ‡aTelevision series. ‡2lcgft ‡0(LARL_NWRL_CONSORTIUM)175797 | |
| 655 | 7. | ‡aHistorical television programs. ‡2lcgft ‡0(LARL_NWRL_CONSORTIUM)175692 | |
| 655 | 7. | ‡aTelevision melodramas. ‡2lcgft ‡0(LARL_NWRL_CONSORTIUM)175804 | |
| 655 | 7. | ‡aFiction television programs. ‡2lcgft ‡0(LARL_NWRL_CONSORTIUM)175627 | |
| 700 | 1 | . | ‡aBonneville, Hugh. ‡4act ‡0(LARL_NWRL_CONSORTIUM)136703 |
| 700 | 1 | . | ‡aFindlay, Jessica Brown, ‡d1989- ‡4act |
| 700 | 1 | . | ‡aCarmichael, Laura. ‡4act |
| 700 | 1 | . | ‡aCarter, Jim, ‡d1948- ‡4act |
| 700 | 1 | . | ‡aCoyle, Brendan. ‡4act ‡0(LARL_NWRL_CONSORTIUM)148310 |
| 700 | 1 | . | ‡aDockery, Michelle, ‡d1981- ‡4act |
| 700 | 1 | . | ‡aFinneran, Siobhan, ‡d1967- ‡4act |
| 700 | 1 | . | ‡aFrogatt, Joanne, ‡d1979- ‡4act ‡0(LARL_NWRL_CONSORTIUM)217532 |
| 700 | 1 | . | ‡aJames-Collier, Rob. ‡4act |
| 700 | 1 | . | ‡aLeech, Allen. ‡4act |
| 700 | 1 | . | ‡aLogan, Phyllis. ‡4act ‡0(LARL_NWRL_CONSORTIUM)147737 |
| 700 | 1 | . | ‡aMacLaine, Shirley, ‡d1934- ‡0(LARL_NWRL_CONSORTIUM)4046 |
| 700 | 1 | . | ‡aMcGovern, Elizabeth, ‡d1961- ‡4act ‡0(LARL_NWRL_CONSORTIUM)95031 |
| 700 | 1 | . | ‡aMcShera, Sophie. ‡4act |
| 700 | 1 | . | ‡aNicol, Lesley, ‡d1953- ‡4act |
| 700 | 1 | . | ‡aNuttall, Amy, ‡d1982- ‡4act |
| 700 | 1 | . | ‡aSmith, Maggie, ‡d1934- ‡4act ‡0(LARL_NWRL_CONSORTIUM)150075 |
| 700 | 1 | . | ‡aStevens, Dan, ‡d1982- ‡4act |
| 700 | 1 | . | ‡aWilton, Penelope, ‡d1946- ‡4act ‡0(LARL_NWRL_CONSORTIUM)214018 |
| 700 | 1 | . | ‡aFellowes, Julian. ‡0(LARL_NWRL_CONSORTIUM)135785 |
| 700 | 1 | . | ‡aTrubridge, Liz. ‡4pro |
| 948 | . | ‡hNO HOLDINGS IN LAL - 310 OTHER HOLDINGS | |
| 994 | . | ‡aZ0 ‡bLAL | |
| 901 | . | ‡a149494 ‡bOCLC ‡c149494 ‡tbiblio | |

Add to basket
Permalink
Enable Highlighting